000 01292nam a22003497a 4500
003 CHAP
005 20220329134749.0
008 971013s1974 r 00010 d
010 _a25496
011 _a26468
035 _a30569
040 _cCHAP
082 _a641.1
_bI58
110 _aInstituto Nacional de la Nutrición. México
_959378
245 _aEncuestas nutricionales en México
260 _aMéxico, D.F. :
_bEl Instituto,
_c1974-
300 _av
500 _aLa biblioteca tiene: v.1 Estudios de 1958 a 1962.- v.2 Estudios de 1963 a 1974.- v.3 Estudio en grupos especiales
590 _aBATCH-UPD
_b10
_c20130110
_lUCH01
_h1634
590 _aBATCH-UPD
_b10
_c20130410
_lUCH01
_h1026
590 _aBATCH-UPD
_b10
_c20130914
_lUCH01
_h0128
590 _aCONVERSION
_b10
_c20130109
_lUCH01
_h1315
650 1 4 _aAlimentos
_xValor nutritivo.
_94298
650 1 4 _aHábitos alimenticios.
_955679
650 1 4 _aNutrición
_xMéxico.
_982263
901 _aBK
942 _cLIBRO
949 _a641.1 I58
_bBC
_cC
_d33724000645792
_eC
_fv.2 c.2
_h42259
_i30569
_si
949 _a641.1 I58
_bBC
_cC
_d33724000645818
_eC
_fv.3
_h72867
_i30569
_mD
_si
949 _a641.1 I58
_bBC
_cC
_d33724000645834
_eC
_fv.1
_h40487
_i30569
_mD
_si
949 _a641.1 I58
_bBC
_cC
_d33724000645875
_eC
_fv.2
_h40488
_i30569
_mD
_si
999 _c25496
_d25496